00877 a2200181 4500003000500000005001700005040000900022082001200031100002700043245003600070260002500106300001000131505037300141650002900514942001200543999001900555952012100574Nust20221018135106.0 cNust a620,HAW aHawks ,Ellison9100626 aHow it is made /cEllison Hawks aLondonbOdhams Press a383:p aHow Ships are Made (Page-4), How Aeroplanes are Made (Page-40), How Railways are Made (Page-90), How Motor Cars are Made (Page-128), How Bridges are Made (Page-170), How Roads are Made (Page-212), How Tunnels are Made (Page-242), How Newspapers are Made (Page-276), How Films are Made (Page-298), How Radio Receiver and Made (Page-330), How Houses are Made (Page-350). aPower and Energy9100627 2ddccBK c182347d182347 00102ddc4070aMCSbMCScGENd2016-12-12o620,HAWpMCS29700r2016-12-08w2016-12-12yBKzAlmirah No.26, Shelf No.5